[Event "AUTO-MASTER-200"]
[Site "http://www.queenalice.com/game.php?id=190419"]
[Date "2007.3.31"]
[Round "2"]
[White "Theboss"]
[Black "LoveChess"]
[Result "0-1"]
[WhiteElo "2151"]
[BlackElo "2394"]

1. e4 c6 2. d4 d5 3. exd5 cxd5 4. c4 Nf6 5. Nc3 e6 6. Nf3 Nc6 7. c5 b6 8. Bb5
Bd7 9. Bxc6 Bxc6 10. b4 Ne4 11. Nxe4 dxe4 12. Ne5 Qd5 13. Be3 Bb5 0-1

[Event "AUTO-MASTER-200"]
[Site "http://www.queenalice.com/game.php?id=190420"]
[Date "2007.3.31"]
[Round "2"]
[White "LoveChess"]
[Black "Theboss"]
[Result "1-0"]
[WhiteElo "2389"]
[BlackElo "2156"]

1. e4 c5 2. d4 cxd4 3. c3 dxc3 4. Nxc3 Nc6 5. Nf3 d6 6. Bc4 e6 7. O-O a6 8. Qe2
b5 9. Bb3 Ra7 10. Be3 Rd7 11. Ng5 Nf6 12. Rac1 Bb7 13. f4 h6 14. Nf3 1-0

[Event "AUTO-MASTER-222"]
[Site "http://www.queenalice.com/game.php?id=202861"]
[Date "2007.4.26"]
[Round "2"]
[White "ENDHER"]
[Black "Theboss"]
[Result "1-0"]
[WhiteElo "2345"]
[BlackElo "2165"]

1. d4 Nf6 2. c4 g6 3. Nc3 d5 4. Bg5 Ne4 5. Bf4 Nxc3 6. bxc3 Bg7 7. Qb3 dxc4 8.
Qxc4 Na6 9. Nf3 O-O 10. e4 c5 11. Rb1 Nc7 12. Be5 Bxe5 13. Nxe5 cxd4 14. cxd4
Ne6 15. Nf3 Qa5+ 16. Nd2 Bd7 17. Qb4 Qg5 18. d5 Nf4 19. g3 Nh3 20. f4 Qf6 21. e5
Qf5 22. Qxb7 Rab8 23. Qxb8 Rxb8 24. Rxb8+ Kg7 25. Rb7 Bc8 26. Rc7 Nxf4 27. gxf4
Qxf4 28. Rxc8 Qh4+ 29. Ke2 Qg4+ 30. Ke3 Qxc8 31. Bc4 Qg4 32. h4 g5 33. Rf1 Qg3+
34. Kd4 f6 35. exf6+ exf6 36. hxg5 Qxg5 37. Kd3 Qg3+ 38. Rf3 Qe5 39. Ne4 f5 40.
Ng3 f4 41. Rxf4 Qe1 42. Nf5+ Kg6 43. Ne3 Qb1+ 44. Ke2 Qb8 45. d6 Qxd6 46. Bf7+
1-0

[Event "AUTO-MASTER-222"]
[Site "http://www.queenalice.com/game.php?id=202862"]
[Date "2007.4.26"]
[Round "2"]
[White "Theboss"]
[Black "ENDHER"]
[Result "0-1"]
[WhiteElo "2173"]
[BlackElo "2313"]

1. e4 e5 2. Nf3 Nc6 3. Bb5 a6 4. Ba4 Nf6 5. O-O Be7 6. c3 Nxe4 7. Re1 Nf6 8.
Nxe5 Nxe5 9. Rxe5 O-O 10. d4 d5 11. Bg5 c6 12. Nd2 Be6 13. Bc2 Re8 14. Qe2 h6
15. Bh4 Bd6 16. Qd3 g6 17. Qf3 g5 18. Bg3 Bxe5 19. Bxe5 Ng4 20. Qd3 f5 21. Re1
Nxe5 22. Rxe5 Qf6 23. f4 gxf4 24. Nf3 Bd7 25. Qd2 Kh7 26. Qxf4 Rxe5 27. Nxe5 Be6
28. h4 Rg8 29. b4 Kh8 30. h5 Qg5 31. Qf3 Qc1+ 32. Bd1 Rg5 33. Ng6+ Kg7 34. Qe2
f4 35. Kh2 Qxc3 36. Kh1 Qxd4 37. Bc2 Qf6 38. a3 Bg4 0-1

[Event "AUTO-ADV-284"]
[Site "http://www.queenalice.com/game.php?id=206559"]
[Date "2007.5.5"]
[Round "2"]
[White "Theboss"]
[Black "edvz"]
[Result "0-1"]
[WhiteElo "2158"]
[BlackElo "2144"]

1. d4 Nf6 2. c4 g6 3. Nc3 Bg7 4. e4 d6 5. Nf3 O-O 6. Be2 e5 7. O-O Nc6 8. d5 Ne7
9. Ne1 Ne8 10. Be3 h6 11. f3 f5 12. Nd3 f4 13. Bf2 Nf6 14. Rc1 g5 15. c5 a6 16.
b4 Bd7 17. a4 Ng6 18. Nb2 Kh7 19. Nc4 dxc5 20. bxc5 Rb8 21. Rb1 h5 22. Rb4 g4
23. Qb3 gxf3 24. Bxf3 Ng4 25. Rxb7 Rxb7 26. Qxb7 Bc8 27. Qb4 Nh4 28. Be1 Rg8 29.
d6 Bf8 30. Qb8 Nxf3+ 31. Rxf3 cxd6 32. cxd6 Ne3 33. Nxe3 Bxd6 34. Qa7+ Rg7 35.
Qxg7+ Kxg7 36. Ned5 Bg4 37. Rf1 f3 38. gxf3 Bh3 39. Bd2 Bc5+ 40. Rf2 Kf7 0-1

[Event "AUTO-ADV-284"]
[Site "http://www.queenalice.com/game.php?id=206560"]
[Date "2007.5.5"]
[Round "2"]
[White "edvz"]
[Black "Theboss"]
[Result "0-1"]
[WhiteElo "2156"]
[BlackElo "2146"]

1. e4 c5 2. Nf3 d6 3. d4 cxd4 4. Nxd4 Nf6 5. Nc3 a6 6. Bg5 e6 7. f4 Be7 8. Qf3
Qc7 9. O-O-O Nbd7 10. g4 b5 11. Bxf6 Nxf6 12. g5 Nd7 13. Bh3 Nc5 14. Nce2 Bb7
15. Ng3 Rc8 16. Rd2 O-O 17. b4 Na4 18. Nxe6 fxe6 19. Bxe6+ Kh8 20. h4 Qc3 21.
Qxc3 Rxc3 22. Nf5 Bxe4 23. Re1 Bxf5 24. Bxf5 Bd8 25. Rde2 Rc7 26. g6 hxg6 27.
Bxg6 Bf6 28. h5 Nc3 29. Re8 Rc8 30. a3 Rcxe8 31. Rxe8 Rxe8 32. Bxe8 Kg8 33. f5
Ne2+ 34. Kb1 Nd4 35. Bd7 Ne2 36. Bc8 Kh7 37. Bxa6 Kh6 38. Bb7 Nc3+ 39. Kc1 Kxh5
40. Bc6 Kg5 41. Bd7 Kf4 42. Be6 Ke3 43. Bd7 Ke2 44. Be6 Ke1 45. Bf7 Bg5+ 46. Kb2
Kd2 47. Be6 Bf6 48. Bd7 Ne2+ 49. Kb1 Nd4 0-1

[Event "AUTO-ADV-284"]
[Site "http://www.queenalice.com/game.php?id=206563"]
[Date "2007.5.5"]
[Round "2"]
[White "Theboss"]
[Black "ravague"]
[Result "1-0"]
[WhiteElo "2148"]
[BlackElo "1841"]

1. e4 e5 2. Nf3 Nc6 3. Bb5 Nf6 4. O-O Bc5 5. Nxe5 O-O 6. Bxc6 dxc6 7. d3 Ng4 8.
Nxg4 f5 9. Be3 Bd6 10. exf5 Bxf5 11. h3 Bxg4 12. Qxg4 1-0

[Event "AUTO-ADV-284"]
[Site "http://www.queenalice.com/game.php?id=206564"]
[Date "2007.5.5"]
[Round "2"]
[White "ravague"]
[Black "Theboss"]
[Result "0-1"]
[WhiteElo "1841"]
[BlackElo "2152"]

1. e4 c5 2. f4 e6 3. Nf3 d5 4. exd5 exd5 5. Be2 Nf6 6. O-O Be7 7. d4 O-O 8. b3
Nc6 9. Bb2 Qb6 10. Kh1 c4 11. Ne5 cxb3 12. axb3 Bf5 13. g4 Be4+ 14. Bf3 Bxf3+
15. Qxf3 Nxd4 16. Qd3 Nc6 17. g5 Nxe5 18. Bxe5 Ne4 19. Qxd5 Nf2+ 20. Kg2 Ng4 21.
Bd4 Qg6 22. Kh3 Qh5+ 23. Kg3 Rad8 24. Qe4 Rxd4 25. Qxd4 Qxh2+ 26. Kxg4 Qg2+ 27.
Kf5 g6+ 28. Ke5 f6+ 0-1

[Event "AUTO-OPEN-335"]
[Site "http://www.queenalice.com/game.php?id=247976"]
[Date "2007.7.29"]
[Round "3"]
[White "Pato"]
[Black "Theboss"]
[Result "0-1"]
[WhiteElo "2041"]
[BlackElo "2165"]

1. f4 e5 2. fxe5 d6 3. exd6 Bxd6 4. Nf3 Nf6 5. d4 Ng4 6. Bg5 f6 7. Bh4 g5 8. Bf2
Nxf2 9. Kxf2 O-O 10. e3 f5 11. Bc4+ Kh8 12. g3 f4 13. gxf4 Bg4 14. Nbd2 Bxf4 15.
exf4 Rxf4 16. c3 Bxf3 17. Nxf3 g4 18. Kg3 Rxf3+ 19. Kxg4 Re3 20. d5 Re4+ 0-1

[Event "AUTO-OPEN-335"]
[Site "http://www.queenalice.com/game.php?id=247977"]
[Date "2007.7.29"]
[Round "3"]
[White "Theboss"]
[Black "Pato"]
[Result "1-0"]
[WhiteElo "2155"]
[BlackElo "2079"]

1. e4 Nc6 2. d4 e5 3. d5 Nce7 4. d6 Ng6 5. dxc7 Qxc7 6. h4 Nf6 7. h5 Nf4 8. g3
Ne6 9. Bg2 Bc5 10. Nh3 h6 11. Nc3 O-O 12. Be3 Bxe3 13. fxe3 Qb6 14. Qd2 Nxh5 15.
O-O-O d6 16. g4 Nf6 17. Nd5 Nxd5 18. exd5 Ng5 19. Nxg5 hxg5 20. Be4 Bxg4 21.
Rh8+ 1-0

[Event "AUTO-MASTER-451"]
[Site "http://www.queenalice.com/game.php?id=337554"]
[Date "2008.1.17"]
[Round "1"]
[White "Theboss"]
[Black "alib2004"]
[Result "1-0"]
[WhiteElo "2139"]
[BlackElo "1800"]

1. e4 c5 2. Nf3 Nc6 3. d4 cxd4 4. Nxd4 e5 5. Nb5 d6 6. N1c3 a6 7. Na3 Nf6 8. Bg5
Be7 9. Bxf6 Bxf6 10. Nd5 O-O 11. Nc4 b5 12. Ncb6 Rb8 13. Nxf6+ Qxf6 14. Nd5 Qh4
15. Bd3 Nd4 16. O-O Qg5 17. Kh1 Bg4 18. f3 Bh5 19. c3 Ne6 20. g3 Rb7 21. Qe2 f5
22. exf5 Nc5 23. Bc2 h6 24. Rad1 a5 25. Qg2 Bf7 26. f4 Qh5 27. b4 axb4 28. cxb4
Na4 29. Bxa4 bxa4 30. Nf6+ gxf6 31. Qxb7 Qxf5 32. Rxd6 exf4 33. Rxf4 Qb1+ 34.
Kg2 Qxa2+ 35. Rf2 Qb3 36. Rf3 Qxb4 37. Qxb4 1-0

[Event "AUTO-MASTER-451"]
[Site "http://www.queenalice.com/game.php?id=337555"]
[Date "2008.1.17"]
[Round "1"]
[White "alib2004"]
[Black "Theboss"]
[Result "0-1"]
[WhiteElo "1811"]
[BlackElo "2158"]

1. e4 e6 2. Bc4 d5 3. exd5 exd5 4. Qe2+ Be7 5. Bb3 Nf6 6. d3 O-O 7. Nf3 Bg4 8.
h3 Bh5 9. O-O Nc6 10. Be3 Re8 11. Nbd2 Bc5 12. Qd1 Bxe3 13. fxe3 Rxe3 14. Kh1
Qd6 15. a3 Rae8 16. Rc1 Qg3 17. c3 Ne5 18. d4 Nd3 19. Rc2 Ne4 20. Bxd5 Nef2+ 0-1

[Event "AUTO-MASTER-451"]
[Site "http://www.queenalice.com/game.php?id=337556"]
[Date "2008.1.17"]
[Round "1"]
[White "Theboss"]
[Black "arauca"]
[Result "1-0"]
[WhiteElo "2133"]
[BlackElo "2211"]

1. c4 e5 2. Nc3 Nf6 3. g3 Nc6 4. Bg2 Bc5 5. d3 O-O 6. e3 d6 7. Nge2 Re8 8. h3
Ne7 9. O-O c6 10. d4 Bb6 11. e4 Ng6 12. Kh2 a5 13. f4 exd4 14. Nxd4 a4 15. Nf5
Bxf5 16. exf5 Ne7 17. g4 a3 18. g5 Nd7 19. Qg4 f6 20. Ne4 Nc8 21. bxa3 d5 22.
cxd5 cxd5 23. Ng3 Bd4 24. Rb1 Qc7 25. Bxd5+ Kh8 26. Rxb7 Qc2+ 27. Bg2 Nc5 28.
Rc7 Ra7 29. Rxa7 Nxa7 30. Nh5 Nd3 31. Nxg7 Re1 32. Rxe1 Nxe1 33. Ne6 Qf2 34.
Nxd4 Qxd4 35. Qe2 Nxg2 36. Qe8+ Kg7 37. Qe7+ Kg8 38. gxf6 1-0

[Event "AUTO-MASTER-451"]
[Site "http://www.queenalice.com/game.php?id=337557"]
[Date "2008.1.17"]
[Round "1"]
[White "arauca"]
[Black "Theboss"]
[Result "1/2-1/2"]
[WhiteElo "2249"]
[BlackElo "2136"]

1. e4 e6 2. d4 d5 3. Nc3 Nf6 4. e5 Nfd7 5. f4 c5 6. Nf3 a6 7. Be3 Nc6 8. Qd2 Be7
9. Be2 b5 10. O-O O-O 11. a3 Qb6 12. dxc5 Bxc5 13. Bxc5 Nxc5 14. Kh1 b4 15. axb4
Qxb4 16. Bd3 h6 17. f5 d4 18. Ne4 Nxd3 19. cxd3 Qxd2 20. Nexd2 exf5 21. Nb3 g6
22. Nbxd4 Nxd4 23. Nxd4 Rd8 24. Ra4 Rd5 25. Nc6 Rxd3 26. Ne7+ Kf8 27. Nxc8 Rxc8
28. Rxa6 Re3 29. g4 Rxe5 30. gxf5 gxf5 31. Rxh6 Rc2 32. Rb1 Ree2 33. b4 Rb2 34.
Rxb2 Rxb2 35. Rf6 Rxb4 36. Rxf5 Rb2 37. Kg1 Kg7 38. Rf2 Rxf2 39. Kxf2 Kg6 40.
Kf3 Kf5 41. h4 f6 42. h5 Kg5 43. h6 Kxh6 44. Kf4 1/2-1/2

[Event "AUTO-MASTER-451"]
[Site "http://www.queenalice.com/game.php?id=337558"]
[Date "2008.1.17"]
[Round "1"]
[White "Theboss"]
[Black "scandien"]
[Result "0-1"]
[WhiteElo "2146"]
[BlackElo "2112"]

1. d4 Nf6 2. c4 g6 3. Nf3 Bg7 4. Nc3 d6 5. e4 O-O 6. Be2 e5 7. O-O Nc6 8. d5 Ne7
9. Ne1 Nd7 10. f3 f5 11. Be3 f4 12. Bf2 g5 13. Nd3 Nf6 14. Rc1 Ng6 15. c5 Rf7
16. Qb3 g4 17. cxd6 cxd6 18. Nb5 g3 19. Bxa7 gxh2+ 20. Kh1 Nh5 21. Bf2 Ng3+ 22.
Bxg3 fxg3 23. Rc3 Bh6 24. a4 Nh4 25. Rd1 Bh3 26. gxh3 Qb6 27. Qc2 Bf4 28. Nxf4
Rxf4 29. Rc8+ Rf8 30. Rxa8 Rxa8 31. Bd3 Qe3 32. Qe2 g2+ 33. Kxh2 Qf4+ 34. Kg1
Nxf3+ 35. Kxg2 Qh2+ 36. Kf1 Qg1# 0-1

[Event "AUTO-MASTER-451"]
[Site "http://www.queenalice.com/game.php?id=337559"]
[Date "2008.1.17"]
[Round "1"]
[White "scandien"]
[Black "Theboss"]
[Result "1-0"]
[WhiteElo "2097"]
[BlackElo "2160"]

1. e4 e6 2. d4 d5 3. Nc3 Bb4 4. Bd2 c5 5. e5 cxd4 6. Nb5 Nc6 7. Bxb4 Nxb4 8.
Nxd4 Nh6 9. Ngf3 O-O 10. Qd2 Qb6 11. c3 Nc6 12. Bd3 Ng4 13. Nxc6 bxc6 14. h3 Nh6
15. Qc2 Ba6 16. Bxa6 Qxa6 17. Ng5 g6 18. Qd2 Nf5 19. b3 Rab8 20. Rd1 Nh4 21. Rg1
f6 22. exf6 Rxf6 23. Qd4 Rbf8 24. Qxh4 h5 25. Rd2 e5 26. g4 d4 27. gxh5 dxc3 28.
Re2 Qd3 29. Qe4 Qxe4 30. Nxe4 Rf3 31. Rxg6+ Kh7 32. Ng5+ 1-0

[Event "Challenge"]
[Site "http://www.queenalice.com/game.php?id=340443"]
[Date "2008.1.22"]
[Round "-"]
[White "fernando1971"]
[Black "Theboss"]
[Result "1-0"]
[WhiteElo "2172"]
[BlackElo "2147"]

1. e4 c5 2. Nf3 d6 3. d4 cxd4 4. Nxd4 Nf6 5. Nc3 a6 6. Be2 e6 7. O-O Be7 8. Be3
O-O 9. f4 Qc7 10. Qd3 b5 11. Bf3 Bb7 12. a3 Nbd7 13. Bd2 Nc5 14. Qe3 Ncd7 15.
Rad1 Nb6 16. b3 Rfd8 17. Bc1 Rac8 18. Bb2 Bf8 19. Rfe1 e5 20. Nf5 d5 21. fxe5
Bc5 22. Nd4 Qxe5 23. Nxd5 Nbxd5 24. exd5 Qxe3+ 25. Rxe3 Bxd5 26. Bxd5 Nxd5 27.
Re2 Nf4 28. Red2 h6 29. Kf1 Rd5 30. c4 bxc4 31. bxc4 Rh5 32. Nf3 Be3 33. Rd8+
Rxd8 34. Rxd8+ Kh7 35. Rd7 Kg8 36. Be5 Rf5 37. g4 1-0

[Event "CLM Playchess"]
[Site "http://www.queenalice.com/game.php?id=366520"]
[Date "2008.3.6"]
[Round "-"]
[White "CesarLMarques"]
[Black "Theboss"]
[Result "1/2-1/2"]
[WhiteElo "2314"]
[BlackElo "2129"]

1. d4 Nf6 2. c4 g6 3. g3 Bg7 4. Bg2 O-O 5. Nc3 d6 6. Nf3 c6 7. O-O Nbd7 8. Bf4
c5 9. d5 Ng4 10. Qb3 a6 11. h3 Nge5 12. Nxe5 Nxe5 13. Bd2 Rb8 14. Rad1 b5 15.
cxb5 axb5 16. Nxb5 Ba6 17. a4 Bxb5 18. axb5 Qb6 19. Rb1 Qxb5 20. Qxb5 Rxb5 21.
Rfc1 Rfb8 22. b4 cxb4 23. Rb3 Nd7 24. Rc4 Bc3 25. Bxc3 bxc3 26. Rxb5 Rxb5 27.
Rxc3 Rb1+ 28. Kh2 Nc5 29. Rc4 Kg7 30. Bf3 f5 31. g4 Kf6 32. Kg3 g5 33. gxf5 Kxf5
34. h4 h6 35. hxg5 hxg5 36. Bg2 Rb2 37. Bf3 Kg6 38. Kh3 Kf5 39. Kg3 Kg6 40. Kh3
Kf6 41. Kg3 Rd2 42. Rb4 Nd7 43. e3 Ne5 44. Be4 g4 45. Rd4 Rb2 46. Bh7 Ra2 47.
Rf4+ Kg5 48. Bf5 Ra1 49. Be6 Rh1 50. Rf5+ Kg6 51. Rf8 1/2-1/2

[Event "CLM Playchess"]
[Site "http://www.queenalice.com/game.php?id=366521"]
[Date "2008.3.6"]
[Round "-"]
[White "Theboss"]
[Black "CesarLMarques"]
[Result "0-1"]
[WhiteElo "2141"]
[BlackElo "2350"]

1. e4 c5 2. Nf3 d5 3. exd5 Nf6 4. Bb5+ Bd7 5. Bxd7+ Qxd7 6. c4 e6 7. Qe2 Bd6 8.
O-O O-O 9. dxe6 fxe6 10. Re1 e5 11. d3 Nc6 12. Nc3 Nd4 13. Nxd4 exd4 14. Ne4
Nxe4 15. dxe4 Rae8 16. Bg5 d3 17. Qh5 Be5 18. Rad1 Bxb2 19. Re3 Qd4 20. Rdxd3
Qxc4 21. Qe2 Bc1 22. Rg3 Bxg5 23. Rxg5 Qc1+ 0-1

[Event "Challenge"]
[Site "http://www.queenalice.com/game.php?id=404308"]
[Date "2008.5.17"]
[Round "-"]
[White "Theboss"]
[Black "Nelson"]
[Result "0-1"]
[WhiteElo "2135"]
[BlackElo "2321"]

1. e4 e5 2. Nf3 Nc6 3. Bb5 a6 4. Ba4 Nf6 5. O-O Be7 6. Re1 b5 7. Bb3 O-O 8. c3
d5 9. exd5 Nxd5 10. Nxe5 Nxe5 11. Rxe5 c6 12. d4 Bd6 13. Re1 Qh4 14. g3 Qh3 15.
Be3 Bg4 16. Qd3 Rae8 17. Nd2 Re6 18. Qf1 Qh5 19. Bd1 Bxd1 20. Raxd1 Rfe8 21. Qd3
a5 22. Nf1 Nf6 23. Bd2 a4 24. f3 Qd5 25. a3 c5 26. Rxe6 Rxe6 27. Qxb5 Qxf3 28.
Re1 Ne4 29. Qe2 Ng5 30. Qg2 Rxe1 31. Bxe1 Qd1 32. Qa8+ Bf8 33. Bf2 Nh3+ 34. Kg2
Nxf2 35. Kxf2 cxd4 36. cxd4 Qxd4+ 0-1